000 00616nam a2200169Ia 4500
003 GCL
008 140319s9999 xx 000 0 ara d
040 _aGCL /
_cGCL
082 0 4 _a001.6404
_bم م
100 1 _aمحمد الفيومى
245 1 0 _aمقدمة الحاسبات الالكترونية وتطبيقاتها فى نظم المعلومات المحاسبية /
_cمحمد الفيومى
260 _a[S.N] :
_bلجنة الاعلام والدراسات المستقبلية ،
_c1922
490 _a
650 0 4 _aالحاسبات الالكترونية
650 0 4 _aالبيسك
942 _2ddc
_cBK
999 _c47984
_d47984